[Event "Pan-Am Intercollegiate 2012"]
[Site "Princeton USA"]
[Date "2012.12.30"]
[Round "6"]
[White "Flores Rios,M"]
[Black "Getz,A"]
[Result "1-0"]
[WhiteElo "2488"]
[BlackElo "2353"]

1.d4 Nf6 2.c4 e6 3.g3 c5 4.d5 exd5 5.cxd5 d6 6.Bg2 g6 7.Nc3 Bg7 8.Nf3 O-O
9.O-O a6 10.a4 Nbd7 11.h3 Nh5 12.g4 Nhf6 13.Nd2 Re8 14.f4 Rb8 15.Nc4 Nb6
16.Na3 Nbd7 17.e4 h6 18.Nc4 Nb6 19.Ne3 Nh7 20.a5 Nd7 21.Nc4 Qe7 22.e5 dxe5
23.f5 e4 24.fxg6 fxg6 25.Nxe4 Bd4+ 26.Kh1 Ne5 27.Nxe5 Bxe5 28.d6 Qg7 29.Nxc5  1-0

[Event "XLII Rilton Cup"]
[Site "Stockholm SWE"]
[Date "2013.01.01"]
[Round "5.7"]
[White "Ulibin,M"]
[Black "Johansson,Linus"]
[Result "0-1"]
[WhiteElo "2533"]
[BlackElo "2312"]

1.d4 Nf6 2.c4 e6 3.g3 c5 4.d5 exd5 5.cxd5 d6 6.Nc3 g6 7.Bg2 Bg7 8.Nf3 O-O
9.O-O a6 10.a4 Re8 11.Bf4 Ne4 12.Nxe4 Rxe4 13.Nd2 Rb4 14.Ra2 Bxb2 15.Ne4 Bg7
16.Qc1 Bh3 17.Bg5 Qf8 18.Bxh3 Rxe4 19.a5 Qe8 20.Bg2 Rb4 21.Bd2 Rb5 22.Re1 Nd7
23.h3 Rc8 24.Qa3 b6 25.Rc2 Qd8 26.Ra2 bxa5 27.Rc1 Rcb8 28.Bxa5 Qe8 29.Bc7 Bb2
30.Rxb2 Rxb2 31.e4 Rb1 32.Rxb1 Rxb1+ 33.Kh2 Nf6 34.Bxd6 Nxe4 35.Bxc5 Nxc5
36.Qxc5 Qe1 37.h4 Rb2 38.d6 Qxf2 39.Qc6 Qxg2+ 40.Qxg2 Rxg2+ 41.Kxg2 Kf8  0-1

[Event "XLII Rilton Cup"]
[Site "Stockholm SWE"]
[Date "2013.01.02"]
[Round "6.6"]
[White "Gleizerov,E"]
[Black "Martynov,P2"]
[Result "0-1"]
[WhiteElo "2557"]
[BlackElo "2298"]

1.d4 Nf6 2.c4 e6 3.g3 c5 4.d5 exd5 5.cxd5 d6 6.Nc3 g6 7.Nf3 Bg7 8.Bg2 O-O
9.O-O Re8 10.Re1 a6 11.a4 Nbd7 12.Bf4 Qc7 13.Rc1 h6 14.b4 b6 15.h3 g5 16.Bd2 Re7
17.a5 bxa5 18.bxc5 Nxc5 19.Nd4 Bd7 20.Nc6 Ree8 21.Na4 Bxc6 22.dxc6 Nfe4 23.Be3 Rad8
24.Nxc5 dxc5 25.Qa4 Bd4 26.Bxd4 Rxd4 27.Qa1 Qb6 28.e3 Rb4 29.Red1 Qxc6 30.Qxa5 Rb5
31.Qa4 Qe6 32.Bxe4 Qxe4 33.Qxa6 Rb2 34.Qxh6 Qf5 35.Rf1 Rc8  0-1

[Event "Australian Open 2013"]
[Site "Cammeray AUS"]
[Date "2013.01.11"]
[Round "9.40"]
[White "Bennett,Matthew"]
[Black "Simmonds,Rex"]
[Result "1-0"]
[WhiteElo "1817"]
[BlackElo "1722"]

1.d4 Nf6 2.c4 e6 3.g3 c5 4.d5 Qc7 5.Nc3 a6 6.a4 b6 7.Bg2 Bb7 8.Nf3 d6 9.O-O Be7
10.e4 e5 11.Ne1 Nbd7 12.Nd3 Nf8 13.f4 Ng6 14.Bd2 O-O 15.f5 Nh8 16.g4 g6 17.g5 Nd7
18.f6 Bd8 19.Qe1 h5 20.Qh4 Re8 21.Bf3 Bxf6 22.gxf6 Qd8 23.Bg5 Nf8 24.Bxh5 Qd7
25.Bg4 Qd8 26.Qh6  1-0

[Event "Prague Open A 2013"]
[Site "Prague CZE"]
[Date "2013.01.12"]
[Round "5.6"]
[White "Plischki,S"]
[Black "Matsenko,S"]
[Result "1/2-1/2"]
[WhiteElo "2367"]
[BlackElo "2460"]

1.d4 Nf6 2.c4 e6 3.g3 c5 4.d5 exd5 5.cxd5 d6 6.Nc3 g6 7.Qd3 Bg7 8.Qe3+ Kf8
9.Bg2 a6 10.a4 h6 11.Nf3 Kg8 12.O-O Kh7 13.Qd3 Re8 14.e4 Nbd7 15.h3 Rb8 16.Re1 Qc7
17.Bf1 b6 18.Bf4 Nh5 19.Be3 Ne5  1/2-1/2

[Event "38th Seville Open"]
[Site "Seville ESP"]
[Date "2013.01.12"]
[Round "2.18"]
[White "Lopez Rodriguez,F"]
[Black "Pogorelov,R"]
[Result "0-1"]
[WhiteElo "2065"]
[BlackElo "2409"]

1.d4 Nf6 2.c4 e6 3.g3 c5 4.Nf3 cxd4 5.Nxd4 d5 6.Bg2 e5 7.Nc2 d4 8.O-O Nc6
9.b4 Be7 10.f4 e4 11.b5 Na5 12.Qxd4 Qxd4+ 13.Nxd4 Nxc4 14.Nc3 Bb4 15.Na4 O-O
16.Rb1 Ba5 17.h3 Rd8 18.e3 h5 19.Kf2 a6 20.bxa6 Rxa6 21.Nc5 Ra7 22.a4 Bb6
23.Rb4 Bxc5 24.Rxc4 Bxd4 25.exd4 Bd7 26.Ba3 Bxa4 27.Bc5 Ra6 28.Rb1 Bc6 29.Rc2 Rda8
30.Bf1 Ra2 31.Rcb2 Rxb2+ 32.Rxb2 Nd7 33.Bd6 Ra4 34.Ke3 Nf6 35.Bb4  0-1

[Event "PSC Cup 2013"]
[Site "Manila PHI"]
[Date "2013.01.15"]
[Round "2.3"]
[White "Gundavaa,B"]
[Black "Garma,C"]
[Result "1-0"]
[WhiteElo "2522"]
[BlackElo "2326"]

1.d4 Nf6 2.c4 e6 3.g3 c5 4.d5 exd5 5.cxd5 b5 6.e4 Nxe4 7.Qe2 Qe7 8.Bg2 Nf6
9.Qxe7+ Bxe7 10.d6 Nc6 11.Bxc6 dxc6 12.dxe7 Nd5 13.Be3 Nxe3 14.fxe3 Kxe7
15.b3 Rd8 16.Nd2 Rd3 17.Ke2 c4 18.bxc4 bxc4 19.Ngf3 Bg4 20.Nxc4 Rad8 21.h3 Rc3
22.hxg4 Rxc4 23.Rhc1 Rb4 24.Nd4 Rb2+ 25.Kf3 Rd5 26.Rxc6 g6 27.Rc7+  1-0

[Event "Asian Zone 3.3"]
[Site "Tagaytay City PHI"]
[Date "2013.01.23"]
[Round "2.9"]
[White "Turqueza,M"]
[Black "Gomez,Joh"]
[Result "1/2-1/2"]
[WhiteElo "2256"]
[BlackElo "2520"]

1.d4 Nf6 2.c4 e6 3.g3 c5 4.d5 exd5 5.cxd5 b5 6.e4 Nxe4 7.Qe2 Qe7 8.Bg2 Nd6
9.Be3 b4 10.Bxc5 Qxe2+ 11.Nxe2 Na6 12.Bxd6 Bxd6 13.Nd2 Nc5 14.Nc4 Bf8 15.Kd2 Ba6
16.Rac1 g6 17.f4 Rc8 18.Rhe1 f6 19.Nd4+ Kd8 20.Nb3 Bxc4 21.Rxc4 Nxb3+ 22.axb3 Rxc4
23.bxc4 Bc5 24.Kd3 Re8 25.Rxe8+ Kxe8 26.h3 a5 27.b3 h5 28.g4 hxg4 29.hxg4 Kf7
30.Bf3 f5 31.gxf5 gxf5 32.Bh5+ Kf6  1/2-1/2

[Event "Asian Zone 3.3"]
[Site "Tagaytay City PHI"]
[Date "2013.01.27"]
[Round "7.4"]
[White "Gundavaa,B"]
[Black "Cao,S"]
[Result "0-1"]
[WhiteElo "2522"]
[BlackElo "2488"]

1.d4 Nf6 2.c4 e6 3.g3 c5 4.d5 exd5 5.cxd5 b5 6.e4 Nxe4 7.Qe2 Qe7 8.Bg2 Nd6
9.Be3 Na6 10.Nc3 g6 11.Nh3 Bg7 12.a4 b4 13.Nb5 O-O 14.O-O Rb8 15.Rfe1 Nf5
16.Nxa7 Bb7 17.Rad1 Nxe3 18.fxe3 Qf6 19.Rd2 Qb6 20.Nb5 Nc7 21.Nxc7 Qxc7 22.Bf1 b3
23.Nf2 d6 24.Red1 Bc8 25.Ra1 Qa5 26.Ne4 Be5 27.Rdd1 Bf5 28.Nd2 Qc7 29.Nc4 Bg7
30.e4 Rfe8 31.Bg2 Rb4 32.a5 Bd7 33.Nb6 Bb5 34.Qd2 Ba6 35.Ra4 Rxa4 36.Nxa4 c4
37.Kh1 Rb8 38.Bf1 Rb5 39.Nb6 Rc5 40.Rb1 c3 41.bxc3 Bxf1 42.Rxf1 Rxa5 43.Qf2 Ra2
44.Qf3 h5 45.e5 Bxe5 46.Nc4 Bg7  0-1

[Event "Asian Zone 3.3"]
[Site "Tagaytay City PHI"]
[Date "2013.01.28"]
[Round "8.2"]
[White "Nguyen Ngoc Truong Son"]
[Black "Cao,S"]
[Result "1-0"]
[WhiteElo "2631"]
[BlackElo "2488"]

1.d4 Nf6 2.c4 e6 3.g3 c5 4.d5 exd5 5.cxd5 d6 6.Nc3 g6 7.Nf3 Bg7 8.Bg2 O-O
9.O-O Re8 10.Nd2 Nbd7 11.h3 a6 12.a4 Rb8 13.Nc4 Ne5 14.Na3 Nh5 15.e4 f5 16.exf5 Bxf5
17.g4 Bxg4 18.hxg4 Qh4 19.gxh5 Ng4 20.Bf4 Bd4 21.Qf3 Rf8 22.Qg3 Qxh5 23.Bf3  1-0

[Event "18th HIT Open A 2013"]
[Site "Nova Gorica SLO"]
[Date "2013.01.30"]
[Round "8.7"]
[White "Titan,M"]
[Black "Tonon,A"]
[Result "1/2-1/2"]
[WhiteElo "2135"]
[BlackElo "2260"]

1.d4 Nf6 2.c4 e6 3.g3 c5 4.Nf3 cxd4 5.Nxd4 Nc6 6.Bg2 Qb6 7.Nb3 Bb4+ 8.Bd2 Ne5
9.Qc1 d6 10.O-O Bxd2 11.N1xd2 Bd7 12.c5 dxc5 13.Qxc5 Qxc5 14.Nxc5 Bc6 15.Bxc6+ bxc6
16.f4 Ned7 17.Nd3 Ke7 18.Rfc1 Rhc8 19.Rc2 Rc7 20.Rac1 Rac8 21.h3 Nd5 22.e4 N5b6
23.Kf2 c5 24.b3 f6 25.g4 g6 26.h4 f5 27.exf5 exf5 28.g5 Kd8 29.Nc4 Nxc4 30.Rxc4 Ke7
31.R4c2 Kd6 32.Rd1 Kc6 33.Nb4+ Kb5 34.Nd5 Rb7 35.Ne3 Nb6 36.Nc4 Nxc4 37.Rxc4 Rbc7
38.h5 Rc6 39.h6 R8c7 40.Rd5 Re6 41.Rd8 Rce7 42.Rd2 a6 43.Rdc2 Rc6 44.b4 Rec7
45.bxc5 Rxc5 46.a4+ Kb6 47.Rb2+ Kc6 48.Rxc5+ Kxc5 49.Rb8 Kd4 50.Re8 Rc2+
51.Kf3 Rc3+ 52.Kf2 Rc2+ 53.Kf3 Rc7 54.Rd8+ Kc4 55.Rg8 Kd4 56.Rd8+ Kc4  1/2-1/2

[Event "ch-TUR 2013"]
[Site "Antalya TUR"]
[Date "2013.02.05"]
[Round "6.5"]
[White "Dogan,A"]
[Black "Sanal,V"]
[Result "0-1"]
[WhiteElo "2166"]
[BlackElo "2399"]

1.d4 Nf6 2.c4 e6 3.g3 c5 4.d5 exd5 5.cxd5 g6 6.Nc3 Bg7 7.Bg2 O-O 8.Nf3 d6
9.O-O Re8 10.Nd2 Nbd7 11.h3 a6 12.a4 b6 13.Nde4 Qc7 14.Nxf6+ Nxf6 15.e4 Rb8
16.Qe2 Qb7 17.Bf4 Qd7 18.Rab1 Nh5 19.Bd2 Bd4 20.Kh2 f5 21.Qd3 Nf6 22.exf5 Qxf5
23.Qxf5 Bxf5 24.Rbc1 b5 25.axb5 axb5 26.Bf4 Rb6 27.b3 b4 28.Na4 Ra6 29.Bf3 Kf7
30.Kg2 Nd7 31.Rfd1 Ne5 32.Bxe5 Rxe5 33.Kf1 Bxh3+  0-1

[Event "35th Georgi Tringov Open"]
[Site "Plovdiv BUL"]
[Date "2013.02.05"]
[Round "4.16"]
[White "Enchev,I"]
[Black "Panajotov,J"]
[Result "1-0"]
[WhiteElo "2441"]
[BlackElo "2213"]

1.d4 Nf6 2.c4 e6 3.g3 c5 4.d5 exd5 5.cxd5 d6 6.Nc3 g6 7.Bg2 Bg7 8.Nf3 O-O
9.O-O Re8 10.Bf4 a6 11.a4 Qc7 12.Rc1 Nbd7 13.b4 Ng4 14.h3 Nge5 15.Nxe5 Bxe5
16.Bxe5 Rxe5 17.Ne4 b6 18.a5 Rb8 19.axb6 Qxb6 20.bxc5 Nxc5 21.Nxc5 dxc5 22.Qc2 Bd7
23.e4 Bb5 24.Rfe1 c4 25.Kh2 Rc8 26.f4 Ree8 27.Qc3 Bd7 28.Rb1 Qc5 29.Rb7 Rc7
30.Rb2 Bb5 31.e5 Rd7 32.g4 Red8 33.d6 Bc6 34.Rc2 Bxg2 35.Kxg2 Rc8 36.Re4 Qd5
37.Qd4 Qa8 38.Rxc4 Rxc4 39.Qxc4 Rb7 40.Kg3 Qa7 41.Rd4 Kg7 42.f5 g5 43.d7 Rxd7
44.f6+ Kh6 45.Qc8  1-0

[Event "e2e4 Torquay Open"]
[Site "Torquay ENG"]
[Date "2013.02.08"]
[Round "1"]
[White "Wells,Jonathan C"]
[Black "Young,Daniel J"]
[Result "1-0"]
[WhiteElo "2024"]
[BlackElo "1774"]

1.d4 Nf6 2.c4 e6 3.g3 c5 4.d5 b5 5.cxb5 exd5 6.Bg2 Bb7 7.Nc3 Qa5 8.Kf1 a6
9.Nxd5 Nxd5 10.Bxd5 Qxb5 11.Nf3 Be7 12.Kg2 O-O 13.e4 d6 14.Bf4 Bxd5 15.Qxd5 Qc6
16.Rhd1 Rd8 17.e5 Qxd5 18.Rxd5 dxe5 19.Rxd8+ Bxd8 20.Nxe5 f6 21.Rd1 Bc7 22.Nd3 Bxf4
23.Nxf4 Nc6 24.Rc1 Ne5 25.Rxc5 Rd8 26.Rc7 Rd2 27.Ne6 Rxb2 28.Rxg7+ Kh8 29.Ra7 h5
30.Rxa6 Ng4 31.h3 Nxf2 32.Nf4 Nd3+ 33.Kf3 Nxf4 34.Kxf4 Kg7 35.a4 Rf2+ 36.Ke3 Ra2
37.Kf3 Ra3+ 38.Kf4 Ra2 39.h4 Rf2+ 40.Ke3 Ra2 41.Kf3 Ra3+ 42.Kf4 Ra2 43.g4 hxg4
44.Kxg4 Ra1 45.Kh5 f5 46.Kg5 Rf1 47.Ra7+ Kg8 48.Kg6 Kf8 49.Rf7+ Ke8 50.Rxf5 Ra1
51.a5  1-0

[Event "TCh-CZE Div1 Vychod 2012-13"]
[Site "Czech Republic CZE"]
[Date "2013.02.10"]
[Round "7.3"]
[White "Haba,Z"]
[Black "Belunek,V"]
[Result "1-0"]
[WhiteElo "2210"]
[BlackElo "2266"]

1.d4 Nf6 2.c4 e6 3.g3 c5 4.Nf3 cxd4 5.Nxd4 Nc6 6.Bg2 Bb4+ 7.Bd2 Be7 8.Bc3 O-O
9.O-O d5 10.Nd2 Qb6 11.e3 Bd7 12.Qb3 Na5 13.Qxb6 axb6 14.cxd5 Nxd5 15.Bxa5 bxa5
16.Nc4 Ra6 17.Ne5 Be8 18.Bxd5 exd5 19.Rfc1 Rb6 20.b3 g6 21.Nd3 Bd7 22.Rc7 Rd8
23.Ne5 Rd6 24.Rxb7 Bf6 25.Nxd7 R6xd7 26.Rxd7 Rxd7 27.Rc1 Rb7 28.Rc8+ Kg7
29.Ra8 Bxd4 30.exd4 Rb5 31.Kf1 Kf6 32.Ke2 h5 33.Kd3 Kf5 34.f3 g5 35.Kc3 g4
36.f4 h4 37.a4 hxg3 38.hxg3 Rb7 39.Rxa5 Ke4 40.Rb5 Rd7 41.a5 Kf3 42.a6 Ra7
43.Rb7 Rxa6 44.Rxf7 Kxg3 45.b4 Ra3+ 46.Kc2 Kf3 47.f5 g3 48.Rg7 Ra6 49.Kb3 Rf6
50.b5 Rxf5 51.Kb4 Rf4 52.Kc5 g2 53.b6 Rf8 54.Kxd5 Rd8+ 55.Kc5 Rc8+ 56.Kb5 Rc1
57.d5 g1=Q 58.Rxg1 Rxg1 59.d6 Ke4 60.d7 Rd1 61.b7 Kf5 62.Kc4 Rc1+ 63.Kb3 Rd1
64.Kc2 Rxd7 65.b8=Q Ke6 66.Kc3 Rd5 67.Kc4 Re5 68.Kd4 Rg5 69.Qe8+ Kf6 70.Ke4 Rg4+
71.Kf3 Rg5 72.Qf8+ Kg6 73.Kf4 Rh5 74.Qe8+ Kh6 75.Qe6+ Kg7 76.Kg4 Rh6 77.Qe7+ Kg6
78.Qd7 Rh8 79.Qe6+ Kg7 80.Kg5 Rg8 81.Qe7+  1-0

[Event "Iceland-China Friendly Match"]
[Site "Reykjavik ISL"]
[Date "2013.02.16"]
[Round "6.2"]
[White "Gretarsson,Hj"]
[Black "Yu Yangyi"]
[Result "1/2-1/2"]
[WhiteElo "2509"]
[BlackElo "2688"]

1.d4 Nf6 2.c4 e6 3.g3 c5 4.d5 exd5 5.cxd5 d6 6.Nc3 g6 7.Bg2 Bg7 8.Nf3 O-O
9.O-O Re8 10.Bf4 Ne4 11.Nxe4 Rxe4 12.Nd2 Rxf4 13.gxf4 Bxb2 14.Rb1 Bg7 15.Re1 Bh6
16.e3 Na6 17.Nc4 Rb8 18.Qd2 b6 19.Rb3 Qf6 20.Qb2 Qxb2 21.Rxb2 Nb4 22.Reb1 Bf5
23.Rd1 Rd8 24.a3 Na6 25.Bf3 Nc7 26.a4 Bg7 27.Rb3 Bc2 28.Rdb1 Bxb1 29.Rxb1 Kf8
30.Kf1 Bc3 31.Ke2 Bb4 32.Kd3 Ke7 33.e4 f6 34.h4 b5 35.axb5 Nxb5 36.Ra1 a5
37.Nxa5 Bxa5 38.Rxa5 Rb8 39.Bd1 Nc7 40.Ba4 Ra8 41.Rxa8 Nxa8 42.f3 Nb6 43.Bb5 h6
44.Ke3 Nc8 45.Kd3 Kd8 46.Ba4 Kc7 47.Be8 g5 48.fxg5 fxg5 49.hxg5 hxg5 50.Ke3 Kd8
51.Bh5 Ke7 52.f4 gxf4+ 53.Kxf4 Kf6 54.Be2 Ne7 55.Bh5 Nc8 56.Be2 Nb6 57.Bb5 Nc8
58.Be2 Ne7 59.Bh5 Nc8 60.Be2 Nb6 61.Bb5 Na8 62.Be2 Nc7 63.Bc4 Ne8 64.Be2 Nc7
65.Bc4 Na8 66.Be2 Nb6 67.Bb5 c4 68.Ke3 Ke5 69.Ba6 c3 70.Kd3 Na4 71.Bb5 Nc5+
72.Kxc3 Nxe4+ 73.Kc4 Nd2+ 74.Kd3 Nb3 75.Bc6 Kf4 76.Kc3 Nc5 77.Kd4 Ne4 78.Ba8 Ng5
79.Bc6 Nf3+ 80.Kd3 Ke5 81.Ke3 Nh4 82.Kd3 Nf5 83.Kc4 Ke4 84.Kc3 Ke3 85.Kc4 Nh4
86.Kc3 Nf3 87.Kc4 Kd2 88.Ba8 Ne5+ 89.Kd4 Ke2 90.Bc6 Kf3 91.Ba8 Kf4 92.Bc6 Ng6
93.Ba8 Ne7 94.Bc6 Nf5+ 95.Kd3 Ke5 96.Kc4 Ke4 97.Ba8 Ne3+ 98.Kc3 Ng2 99.Kc4 Nf4
100.Kc3 Ke3 101.Kc4 Ne2 102.Bc6 Kd2 103.Ba8 Ke3  1/2-1/2

[Event "Iceland-China Friendly Match"]
[Site "Reykjavik ISL"]
[Date "2013.02.17"]
[Round "8.2"]
[White "Tan Zhongyi"]
[Black "Stefansson,H"]
[Result "0-1"]
[WhiteElo "2466"]
[BlackElo "2496"]

1.d4 Nf6 2.c4 e6 3.g3 c5 4.Nf3 cxd4 5.Nxd4 Nc6 6.Bg2 Bc5 7.Nb3 Be7 8.O-O O-O
9.Nc3 d6 10.Bf4 a6 11.Qd2 Nh5 12.Rfd1 Nxf4 13.Qxf4 Qc7 14.Rac1 Ne5 15.Ne4 Bd7
16.c5 d5 17.Nc3 g5 18.Qd4 Bf6 19.Kh1 Bc6 20.e4 Ng4 21.Qd2 d4 22.Nxd4 Rad8
23.Qe2 Bxd4 24.Qxg4 h6 25.Nd5 exd5 26.Rxd4 dxe4 27.Rcd1 Rxd4 28.Rxd4 Qe5
29.Qd1 a5 30.Rd6 Kg7 31.Qd4 Re8 32.g4 Qxd4 33.Rxd4 Kf6 34.Kg1 Re5 35.Rc4 Ke6
36.b3 f5 37.gxf5+ Kxf5 38.h3 h5 39.Kh2 Re7 40.Kg3 Rd7 41.Bf1 Rd2 42.a4 h4+
43.Kh2 e3 44.Rc3 e2  0-1

[Event "Iceland-China Friendly Match"]
[Site "Reykjavik ISL"]
[Date "2013.02.17"]
[Round "10.6"]
[White "Tan Zhongyi"]
[Black "Gretarsson,Hj"]
[Result "1/2-1/2"]
[WhiteElo "2466"]
[BlackElo "2509"]

1.d4 Nf6 2.c4 e6 3.g3 c5 4.Nf3 cxd4 5.Nxd4 a6 6.Bg2 Qc7 7.b3 Bb4+ 8.Bd2 Be7
9.Nc3 Nc6 10.Nc2 O-O 11.O-O b6 12.Bf4 d6 13.Rc1 Bb7 14.Qd2 Ne5 15.Bxe5 dxe5
16.Rfd1 Rad8 17.Qe1 e4 18.Rxd8 Rxd8 19.Rd1 Rc8 20.Qd2 h6 21.Ne3 g5 22.Qc2 Qe5
23.Na4 b5 24.Qb2 Qxb2 25.Nxb2 Bc5 26.Nc2 Ng4 27.e3 Ne5 28.b4 Be7 29.c5 Bd5
30.Nd4 Bf6 31.a4 Nc6 32.axb5 Nxd4 33.exd4 axb5 34.Rd2 Ra8 35.Nd1 Ra4 36.Nc3 Ra1+
37.Bf1 Bc6 38.h3 Kf8 39.Nd1 Rb1 40.Ne3 Rxb4 41.d5 exd5 42.Nxd5 Rd4 43.Rxd4 Bxd4
44.Nb4 Ba8 45.c6 Ke7 46.Bxb5 Kd6 47.Bc4 Bc5 48.c7 Kxc7 49.Na6+ Kd6 50.Nxc5 Kxc5
51.Bxf7 Kd4 52.Kf1 Kd3 53.Bg6 Kd2 54.h4 Bd5 55.hxg5 hxg5 56.Bf5 Bc4+ 57.Kg2 Bd3
58.Kh3 Ke2 59.Bxe4  1/2-1/2

[Event "Zagreb Open A 2013"]
[Site "Zagreb CRO"]
[Date "2013.02.28"]
[Round "4.17"]
[White "Pavic,J"]
[Black "Zelic,Z"]
[Result "0-1"]
[WhiteElo "2106"]
[BlackElo "2404"]

1.d4 Nf6 2.c4 e6 3.g3 c5 4.d5 exd5 5.cxd5 d6 6.Bg2 g6 7.Nf3 Bg7 8.Nc3 O-O
9.O-O Re8 10.Nd2 a6 11.a4 Nbd7 12.h3 Rb8 13.Nc4 Ne5 14.Na3 Nh5 15.Re1 f5
16.Kh2 f4 17.Bxf4 Nxf4 18.gxf4 Qh4 19.fxe5 Bxe5+ 20.Kg1 Bxh3 21.Bxh3 Qxh3
22.f4 Qg3+ 23.Kf1 Qxf4+ 24.Kg2 Qg3+ 25.Kf1 Rf8+  0-1

[Event "Zagreb Open A 2013"]
[Site "Zagreb CRO"]
[Date "2013.03.01"]
[Round "5.2"]
[White "Jankovic,A"]
[Black "Stevic,H"]
[Result "1/2-1/2"]
[WhiteElo "2538"]
[BlackElo "2618"]

1.d4 Nf6 2.c4 e6 3.g3 c5 4.d5 exd5 5.cxd5 d6 6.Nc3 g6 7.Bg2 Bg7 8.Nf3 O-O
9.O-O a6 10.a4 Re8 11.h3 Nbd7 12.Bf4 Nh5 13.Bg5 f6 14.Bd2 f5 15.e4 fxe4 16.Ng5 e3
17.Ne6 Qb6 18.Bxe3 Qxb2 19.Bd2 Bxc3 20.Bxc3 Qxc3 21.Nc7 Ne5 22.Nxe8 Bxh3
23.Rc1 Qa3 24.Ra1 Qc3 25.Rc1 Qa3 26.Ra1  1/2-1/2

[Event "29th ChessOrg Open"]
[Site "Bad Woerishofen GER"]
[Date "2013.03.02"]
[Round "2.6"]
[White "Pienabarca,N"]
[Black "Colovic,A"]
[Result "1/2-1/2"]
[WhiteElo "2120"]
[BlackElo "2484"]

1.d4 Nf6 2.c4 e6 3.g3 c5 4.d5 exd5 5.cxd5 g6 6.Nc3 Bg7 7.Nf3 O-O 8.Bg2 d6
9.O-O Na6 10.e4 Re8 11.Re1 Bg4 12.h3 Bxf3 13.Bxf3 Qd7 14.Bf4 b5 15.a4 bxa4
16.Be2 Nb4 17.Qxa4 a6 18.Bf1 h6 19.Qxd7 Nxd7 20.Ra5 Ne5 21.Rea1 g5 22.Bxe5 Bxe5
23.Bxa6 Rxa6 24.Rxa6 Nxa6 25.Rxa6 Rb8 26.Ra2 Rb4 27.Kg2 Bxc3 28.bxc3 Rxe4  1/2-1/2

[Event "Karpos Open 2013"]
[Site "Skopje MKD"]
[Date "2013.03.10"]
[Round "2.12"]
[White "Goryachkina,A"]
[Black "Rodshtein,M"]
[Result "1/2-1/2"]
[WhiteElo "2386"]
[BlackElo "2615"]

1.d4 Nf6 2.c4 e6 3.g3 c5 4.d5 d6 5.Nc3 exd5 6.cxd5 g6 7.Bg2 Bg7 8.Nf3 O-O
9.O-O a6 10.a4 Re8 11.Bf4 Nh5 12.Bg5 Qc7 13.Nd2 h6 14.Be3 Nd7 15.Nc4 Rb8
16.Ne4 Bf8 17.Bd2 f5 18.g4 Nhf6 19.Nxf6+ Nxf6 20.gxf5 Bxf5 21.Ne3 Be4 22.Bh3 Nxd5
23.Nxd5 Bxd5 24.Bxh6 Qf7 25.Bxf8 Rxf8 26.Ra3 Rbe8 27.Rg3 Kh7 28.f4 Be4 29.f5 gxf5
30.Rf4 Qf6 31.Bxf5+ Bxf5 32.e4 Rxe4 33.Qh5+ Qh6 34.Rxf5 Rf6 35.Qxh6+ Rxh6
36.Rf7+ Kh8 37.Rf8+ Kh7 38.Rf7+ Kh8 39.Rf8+  1/2-1/2

[Event "13th European Seniors"]
[Site "Plovdiv BUL"]
[Date "2013.03.12"]
[Round "2"]
[White "Kurka,Dieter"]
[Black "Henrichsen,Erland"]
[Result "1-0"]
[WhiteElo "2079"]
[BlackElo "1937"]

1.d4 Nf6 2.c4 e6 3.g3 c5 4.Nf3 Be7 5.Bg2 O-O 6.O-O Qc7 7.Bf4 Qb6 8.Nc3 a6
9.Na4 Qd8 10.dxc5 Nc6 11.b4 Nh5 12.Bd2 f5 13.b5 Na5 14.Nb6 Bxc5 15.Nxa8 b6
16.Ne5 Bb7 17.Bxb7 Nxb7 18.bxa6 Nd6 19.Nxb6 Bxb6 20.Bb4 f4 21.Qxd6 fxg3 22.Qxf8+ Qxf8
23.Bxf8  1-0

[Event "86th ch-St Petersburg"]
[Site "St Petersburg RUS"]
[Date "2013.03.13"]
[Round "3.3"]
[White "Usmanov,V"]
[Black "Donskov,Ana"]
[Result "1-0"]
[WhiteElo "2369"]
[BlackElo "2300"]

1.d4 Nf6 2.c4 e6 3.g3 c5 4.d5 exd5 5.cxd5 d6 6.Nf3 g6 7.Nc3 Bg7 8.Nd2 O-O
9.Nc4 Ng4 10.Bg2 Ne5 11.Nxe5 Bxe5 12.Bh6 Re8 13.O-O Bg7 14.Qd2 Nd7 15.Bxg7 Kxg7
16.f4 f5 17.g4 Nf6 18.g5 Ne4 19.Nxe4 fxe4 20.Bh3 Bxh3 21.Qc3+ Kg8 22.Qxh3 Qc8
23.Qxc8 Raxc8 24.e3 b5 25.Rfc1 c4 26.Rc2 Rc5 27.Rd1 a5 28.Rd4 Rec8 29.a3 a4
30.Kf2 c3 31.Rxe4 cxb2 32.Rxb2 Rc2+ 33.Rxc2 Rxc2+ 34.Kf3 Rd2 35.Re8+ Kf7
36.Rh8 Kg7 37.Rb8 Rxd5 38.Rb7+ Kg8 39.Ke4 Rc5 40.Kd4 Rc4+ 41.Kd3 Rc1 42.Rxb5 Ra1
43.Rb8+ Kf7 44.Rb7+ Ke6 45.Rxh7 Rxa3+ 46.Ke4 d5+ 47.Kd4 Rb3 48.Ra7 Rb4+ 49.Kd3 Rb3+
50.Ke2 Rb2+ 51.Kf3 Rxh2 52.Ra6+ Kf7 53.Ra7+ Ke6 54.Ra6+ Kf7 55.Rxa4 Rc2 56.Ra7+ Kg8
57.Ra5 Rd2 58.Ra4 Rb2 59.Rd4 Rb5 60.Rd2 Kf7 61.Ra2 Rb7 62.Ke2 Rb6 63.Ra7+ Ke8
64.Kd3 Rd6 65.Kd4 Re6 66.Ra3 Rd6 67.Ra5  1-0

[Event "83rd ch-URU 2013"]
[Site "Montevideo URU"]
[Date "2013.03.14"]
[Round "5.4"]
[White "Coppola,C"]
[Black "Sosa Macho,J"]
[Result "1-0"]
[WhiteElo "2177"]
[BlackElo "2157"]

1.d4 Nf6 2.c4 e6 3.g3 c5 4.d5 exd5 5.cxd5 b5 6.Bg2 d6 7.Nh3 g6 8.b3 Bg7 9.Bb2 O-O
10.O-O Nbd7 11.Nf4 Rb8 12.a4 a6 13.axb5 axb5 14.Qd2 Re8 15.Rd1 Bb7 16.Na3 Qb6
17.h4 Ne5 18.e4 Ra8 19.Nc2 Ned7 20.Rxa8 Bxa8 21.Qc1 Bb7 22.f3 Ra8 23.Qb1 Qa5
24.Bf1 Ba6 25.Ne3 Rc8 26.Qa1 Qb6 27.Bh3 Ne5 28.Bxc8 Bxc8 29.Qa8 Qd8 30.Bxe5 dxe5
31.Nd3 Nd7 32.Qc6 Bf8 33.Ra1 Nb6 34.Nxc5 Bh6 35.Ng4 Bg7 36.Ra7 f5 37.exf5 Bxf5
38.Qb7  1-0

[Event "Karpos Open 2013"]
[Site "Skopje MKD"]
[Date "2013.03.14"]
[Round "7.23"]
[White "Sandalakis,A"]
[Black "Jumabayev,R"]
[Result "0-1"]
[WhiteElo "2401"]
[BlackElo "2554"]

1.d4 Nf6 2.c4 e6 3.g3 c5 4.Nf3 cxd4 5.Nxd4 d5 6.Bg2 e5 7.Nc2 d4 8.f4 Nc6
9.Bxc6+ bxc6 10.fxe5 Qa5+ 11.Qd2 Qxe5 12.Qxd4 Qh5 13.Nc3 Bc5 14.Qf4 O-O 15.Be3 Rd8
16.Bxc5 Qxc5 17.b4 Qh5 18.O-O c5 19.b5 Be6 20.Rad1 Ng4 21.h4 Qg6 22.Na3 Nf6
23.Rxd8+ Rxd8 24.Rd1 Rxd1+ 25.Nxd1 h6 26.Kg2 Nh5 27.Qe3 f5 28.Kf2 f4 29.gxf4 Qf6
30.Qe5 Qxh4+ 31.Ke3 Qg3+ 32.Kd2 Nxf4 33.Qe3 Qg5 34.Nf2 Bf5 35.Nc2 h5 36.Ne1 Qd8+
37.Kc1 Ne6 38.Ned3 Qa5 39.Qe5 Qa3+ 40.Qb2 Qa4 41.Ne5 Ng5 42.Qd2 Kh7 43.Kb2 Ne4
44.Nxe4 Bxe4 45.a3 h4 46.Nf3 Qxc4 47.Ng5+ Kg6 48.Nxe4 Qxe4 49.Qd6+ Kh7 50.Qxc5 Qxe2+
51.Kb3 Qf3+ 52.Ka4 h3 53.Qg5 Kg8 54.Qd8+ Kf7 55.Qd7+ Kg6 56.Qd6+ Kh5 57.Ka5 g5
58.Qe7 h2 59.Qh7+ Kg4 60.Qd7+ Kh4 61.Qh7+ Kg3 62.Qc7+ Kg2 63.Qc2+ Kf1 64.Qc1+ Kf2
65.Qc2+ Ke1 66.Qc1+ Qd1 67.Qe3+ Qe2 68.Qc1+ Kf2 69.Qc5+ Qe3 70.Qc2+ Kf1 71.Qf5+ Ke2
72.Qg4+ Ke1  0-1

[Event "13th European Seniors"]
[Site "Plovdiv BUL"]
[Date "2013.03.16"]
[Round "6"]
[White "Kurka,Dieter"]
[Black "Andersson,Finn"]
[Result "1-0"]
[WhiteElo "2079"]
[BlackElo "1879"]

1.d4 e6 2.c4 Nf6 3.g3 c5 4.Nf3 cxd4 5.Nxd4 Nc6 6.Nc3 Be7 7.Bg2 O-O 8.O-O a6
9.e4 Nxd4 10.Qxd4 Qa5 11.e5 Ne8 12.Ne4 f6 13.Bf4 g5 14.exf6 Nxf6 15.Bd6 Qd8
16.Nxg5 Bxd6 17.Qxd6 Qe8 18.Rad1 Qh5 19.Ne4 Ng4 20.h4 a5 21.Rd2 Ra6 22.Qe7 Re8
23.Qg5+ Qxg5 24.hxg5 d5 25.Bh3 Ne5 26.Nf6+ Kf7 27.Re2 Nf3+ 28.Kg2 Nxg5 29.Nxe8 Nxh3
30.Kxh3 e5+ 31.Kg2 Kxe8 32.Rxe5+ Kf7 33.cxd5  1-0

[Event "86th ch-St Petersburg"]
[Site "St Petersburg RUS"]
[Date "2013.03.19"]
[Round "9.5"]
[White "Bazeev,G"]
[Black "Levin,Ev"]
[Result "0-1"]
[WhiteElo "2339"]
[BlackElo "2508"]

1.d4 Nf6 2.c4 e6 3.g3 c5 4.d5 exd5 5.cxd5 d6 6.Nc3 g6 7.Bg2 Bg7 8.Nf3 O-O
9.O-O Re8 10.Nd2 a6 11.a4 Nbd7 12.Nc4 Ne5 13.Nxe5 Rxe5 14.e4 Re8 15.h3 Rb8
16.f4 b5 17.axb5 axb5 18.e5 dxe5 19.fxe5 Rxe5 20.Bf4 Nh5 21.Bxe5 Bxe5 22.Qf3 f5
23.Ne2 Qd6 24.Ra5 b4 25.Rc1 Ba6 26.Rxa6 Qxa6 27.b3 Qd6 28.g4 fxg4 29.Qxg4 Re8
30.Bf3 Qf8 31.Rf1 Bd6 32.Qg2 Qh6 33.Bg4 Qe3+ 34.Kh1 Ng7 35.Ng1 Qxb3 36.Rf6 Qg3
37.Qxg3 Bxg3 38.Rc6 b3 39.Rb6 Rb8  0-1

[Event "TCh-BEL 2012-13"]
[Site "Buellingen BEL"]
[Date "2013.03.24"]
[Round "11.3"]
[White "Roos,Ad"]
[Black "Rooze,J"]
[Result "0-1"]
[WhiteElo "2199"]
[BlackElo "2286"]

1.d4 Nf6 2.c4 e6 3.g3 c5 4.d5 exd5 5.cxd5 d6 6.Nc3 g6 7.Bg2 Bg7 8.Nf3 O-O
9.O-O a6 10.a4 Nbd7 11.Bf4 Qe7 12.h3 Rb8 13.e4 Ne8 14.Re1 f6 15.Nd2 Ne5 16.Qc2 b5
17.axb5 axb5 18.Ra5 b4 19.Nb5 Bd7 20.Na7 Nc7 21.Be3 Nb5 22.f4 Nf7 23.Nc6 Bxc6
24.dxc6 Qc7 25.Rea1 Qxc6 26.e5 Qe8 27.Bd5 fxe5 28.f5 Kh8 29.fxg6 Nh6 30.gxh7 Qh5
31.Bg2 Nf5 32.Bf2 Nfd4 33.Qd3 Ne2+ 34.Kf1 Nbd4 35.Nf3 Nxg3+ 36.Bxg3 Nxf3
37.Bf2 e4 38.Qxd6 Bd4 39.Bxd4+ Nxd4+ 40.Kg1 Nb3 41.Bxe4 Nxa5 42.Rxa5 Qg5+
43.Bg2 Rbd8 44.Qc7 Rd1+ 45.Kh2 Rd2 46.Qg3 Rxg2+ 47.Qxg2 Qe5+ 48.Kg1 Qe1+
49.Kh2 Rf2 50.Ra8+ Kxh7 51.Ra7+ Kh6 52.Ra6+ Kh5 53.Ra1 Qe8  0-1